000 00307nam a22001337a 4500
008 170830b xxu||||| |||| 00| 0 eng d
020 _a9780078959448
041 _aeng
080 _a070
100 _a40
101 _aMED
245 _aSUCCEEDING INTHE WORLD OF WORK
_cCURTIS.M.O
942 _2udc
_cBK
999 _c25635
_d25635